000 00767nam a2200217 i 4500
001 121817
003 ES-MaACL
005 20230906191831.0
007 t|
008 070214s1970 sp r ||||1| spa d
100 1 _aPortuondo, Juan A.
_993303
245 1 0 _aCuatro técnicas en el test de apercepción temática y la autobiografía como técnica proyectiva /
_cpor Juan A. Portuondo.
260 _aMadrid :
_bBiblioteca Nueva,
_c1970.
300 _a113 p. ;
_c24 cm.
490 1 _aTextos y Temas Psicológicos ;
_v15
650 _aTest de apercepción temática.
_9160565
650 _aEnfermedades mentales-
_xDiagnóstico.
_912266
830 0 _aTextos y Temas Psicológicos ;
_v15
_9186524
852 _aES-MaACL
_jC-41321
_bR.75781
999 _c121817
_d121817